Bringing Britain together (Record no. 97356)

MARC details
000 -LEADER
fixed length control field 00942cam a2200241 4500
008 - FIXED-LENGTH DATA ELEMENTS--GENERAL INFORMATION
fixed length control field 090401t1998 xxu||||| |||| 00| 0 eng d
020 ## - INTERNATIONAL STANDARD BOOK NUMBER
International Standard Book Number 0101404522
035 ## - SYSTEM CONTROL NUMBER
System control number (Sirsi) u88538
041 ## - LANGUAGE CODE
Language code of text/sound track or separate title eng
050 ## - LIBRARY OF CONGRESS CALL NUMBER
Classification number 711.52
-- 18
110 ## - MAIN ENTRY--CORPORATE NAME
Corporate name or jurisdiction name as entry element Cabinet Office
9 (RLIN) 1071
245 ## - TITLE STATEMENT
Title Bringing Britain together
Remainder of title a national strategy for neighbourhood renewal
260 ## - PUBLICATION, DISTRIBUTION, ETC.
Place of publication, distribution, etc. London
Name of publisher, distributor, etc. Stationery Office
Date of publication, distribution, etc. 1998
300 ## - PHYSICAL DESCRIPTION
Extent 84p.
Dimensions 30cm.
350 ## - PRICE (NR) (BK AM CF MU VM SE) [OBSOLETE]
Price 9.50
490 ## - SERIES STATEMENT
Series statement Cm
Volume/sequential designation 4045
520 ## - SUMMARY, ETC.
Summary, etc. Report aims to develop integrated and sustainable approaches to the problems of the worst housing estates, including crime, drugs, unemployment, community breakdown and bad schools.
690 ## - LOCAL SUBJECT ADDED ENTRY--TOPICAL TERM (OCLC, RLIN)
Topical term or geographic name as entry element PROPERTY-PROPERTY MANAGEMENT-REGENERATION
710 ## - ADDED ENTRY--CORPORATE NAME
Corporate name or jurisdiction name as entry element Social Exclusion Unit
9 (RLIN) 3668
856 ## - ELECTRONIC LOCATION AND ACCESS
Uniform Resource Identifier <a href="https://www.socialexclusionunit.gov.uk/publications.asp?did=113">https://www.socialexclusionunit.gov.uk/publications.asp?did=113</a>
Public note View the strategy at www.socialexclusionunit.gov.uk...
942 ## - ADDED ENTRY ELEMENTS (KOHA)
Suppress in OPAC 0
948 ## - LOCAL PROCESSING INFORMATION (OCLC); SERIES PART DESIGNATOR (RLIN)
c (OCLC) 17/09/1998
Holdings
Withdrawn status Lost status Source of classification or shelving scheme Damaged status Not for loan Home library Current library Shelving location Date acquired Total Checkouts Full call number Barcode Date last seen Copy number Price effective from Koha item type
    Dewey Decimal Classification     Virtual Virtual Online 22/04/2005   ONLINE PUBLICATION 88538-2001 06/08/2019 1 06/08/2019 Book